Statistics for Richest people in the world

Click here to take the quiz!

General Stats

  • This quiz has been taken 40 times
  • The average score is 6 of 20

Answer Stats

Country From$ AmountAnswer% Correct
USA$127BBill Gates
88%
USA$189BJeff Bezos
85%
South Africa$146BElon Musk
82%
USA$114BMark Zuckerberg
48%
USA$109BWarren Buffett
36%
Spain$88BAmancio Ortega
33%
USA$65BAlice Walton
30%
France$182BBernard Arnault
30%
USA$63BJim Walton
30%
USA$63BRob Walton
30%
USA$102BLarry Ellison
27%
USA$99BLarry Page
24%
Yemen$77BMukesh Ambani
24%
Russia$96BSergey Brin
21%
Mexico$69BCarlos Slim Helu
15%
USA$72BSteve Ballmer
12%
China$59BMa Huateng
6%
France$85BFrançoise Bettencourt Meyers
3%
India$64BGautam Adani
3%
China$64BZhong Shanshan
3%

Score Distribution

Percentile by Number Answered

Percent of People with Each Score

Your Score History

You have not taken this quiz